| 000 | 00995nmm a2200349 a 4500 | ||
|---|---|---|---|
| 003 | AR-BaBNM | ||
| 005 | 20251128210424.0 | ||
| 008 | 270020s1991 ||||||||||||||000 | spa|| | ||
| 020 | _a84-7665-959-8 | ||
| 040 | _cAR-BaBNM | ||
| 245 | 1 | 0 |
_aGénero, clase y raza en América Latina _balgunas aportaciones |
| 260 |
_aBarcelona _bUniversitat de Barcelona _bSeminario Interdisciplinar Mujeres y Sociedad _c1991 |
||
| 300 | 0 |
_a204 p. _btablas |
|
| 504 | _aContiene bibliografía para consultar | ||
| 650 | 4 | _aFEMINISMO | |
| 650 | 4 | _aMARGINALIDAD SOCIAL | |
| 650 | 4 | _aMUJERES | |
| 650 | 4 | _aPOLITICA | |
| 650 | 4 | _aTRABAJADORAS | |
| 650 | 4 | _aEMPLEO DE LAS MUJERES | |
| 650 | 4 | _aTRABAJO | |
| 650 | 4 | _aFAMILIA | |
| 650 | 4 | _aROL DE LA MUJER | |
| 650 | 4 | _aEMPLEO DE LAS MUJERES | |
| 650 | 4 | _aSOCIOLOGIA | |
| 650 | 4 | _aMOVIMIENTO DE LIBERACION FEMENINA | |
| 651 | 4 | _aAmérica Latina | |
| 653 | 0 | _aGENERO | |
| 700 | 1 |
_aLuna, Lola G. _ecompilador |
|
| 942 | _cBK | ||
| 998 | _cMariana | ||
| 999 |
_c15415 _d15415 |
||